Pokémon Types by Numbers - Statistics

General Stats
  • This quiz has been taken 14 times
  • The average score is 4 of 18
Answer Stats
Hint Extra Hint Answer % Correct
1st 159 Pokémon Water
70%
2nd 133 Pokémon Normal
50%
6th 92 Pokémon Bug
30%
17th 69 Pokémon Fairy
30%
8th 87 Pokémon(tied) Fire
30%
14th 75 Pokémon Dragon
20%
16th 73 Pokémon(tied) Electric
20%
3rd 130 Pokémon Grass
20%
18th 58 Pokémon Ice
20%
7th 87 Pokémon(tied) Poison
20%
10th 82 Pokémon(tied) Dark
10%
9th 82 Pokémon(tied) Fighting
10%
4th 112 Pokémon Flying
10%
15th 73 Pokémon(tied) Ghost
10%
13th 77 Pokémon(tied) Ground
10%
5th 109 Pokémon Psychic
10%
11th 78 Pokémon Rock
10%
12th 77 Pokémon(tied) Steel
10%
No matching quizzes found
Score Distribution
Percent of People with Each Score
Percentile by Number Answered
Your Score History
You have not taken this quiz